00789nam a2200181 a 450000100100000000500170001000800410002704000250006808200150009310000270010824500850013526000420022030000210026259000750028370000450035895201870040399900170059000003511420200930074120.0111025s1953 ag 000 0 spa d aDO-SdBNPbspacBNPHU axxxxbxxxx1 aMarcel, Gabriel96079113aEl misterio del ser /cGabriel Marcel ; traducción María Eugenia Valentié. aBuenos Aires, :bSudamericana,c1953. a357 p. ;c21 cm. aPerteneció a la biblioteca personal de Juan Isidro Jimenes Grullón1 aValentié, María Eugenia,etr.960792 0010507-18MOaGRbGRcOId2011-10-25iLF1l0oxxxx xxxxp35114-10r2020-06-25w2020-06-25y1zPerteneció a la biblioteca personal de Juan Isidro Jimenes Grullón.ZNo se presta c34605d34605